| 000 | 01295cam a2200361 a 4500 | ||
|---|---|---|---|
| 999 |
_c128401 _d128401 |
||
| 001 | 4449726 | ||
| 003 | ARRUPE | ||
| 005 | 20181016144602.0 | ||
| 008 | 950126s1994 ke b 000 0 eng | ||
| 010 | _a 94982783 | ||
| 020 |
_a9966836144 : _cKshs280.00 |
||
| 040 |
_aDLC _cDLC _dDLC |
||
| 042 | _alcode | ||
| 043 | _af------ | ||
| 050 | 0 | 0 |
_aBX839.A4 _bO41 1994 |
| 082 | 0 | 0 |
_a282/.6/09049 _220 |
| 100 | 1 |
_aOkolo, Chukwudum Barnabas. _942976 |
|
| 245 | 1 | 4 |
_aThe African Synod : _bhope for the continent's liberation / _cChukwudum B. Okolo. |
| 260 |
_aEldoret, Kenya : _bAMECEA Gaba Publications, _c1994. |
||
| 300 |
_ax, 102 p. ; _c22 cm. |
||
| 490 | 1 |
_aSpearhead ; _vnos. 130-131 |
|
| 504 | _aIncludes bibliographical references (p. [95]-102). | ||
| 610 | 2 | 0 |
_aCatholic Church _xAfrica. _91176 |
| 611 | 2 | 0 |
_aAfrican Synod _d(1994 : _cRome, Italy) _942977 |
| 711 | 2 |
_aAfrican Synod _d(1994 : _cRome, Italy) _942977 |
|
| 830 | 0 |
_aAMECEA Gaba Publications spearhead ; _v130-131. _942978 |
|
| 906 |
_a7 _bcbc _corigode _d3 _encip _f19 _gy-gencatlg |
||
| 942 |
_2lcc _cMONOGRAPH |
||